Important Wars and Battles of Indian History - Statistics

General Stats
  • This quiz has been taken 113 times
  • The average score is 5 of 9
Answer Stats
Hint Answer % Correct
First battle that was won by British East India Company which resulted in annexation of Bengal. Battle of Plassey
74%
Wars between republic of India and Pakisran due to this issue Kashmir
74%
The war between Magadha and one of its neighbouring state that resulted in conversion of King Ashoka to buddhism. Kalinga war
73%
Fought berween Maratha and Durrani forces in ________ Panipat
66%
Battle between EIC and combined forces of Nawab of Bengal, Nawab of Awadh and Mughal Emperor. Battle of Buxar
56%
Two wars fought between British East India Company and China. Opium War
55%
Series of wars between British and French forces in Southern India Carnatic wars
40%
Battle that crumbled the Vijaynagara Empire. Battle of Talikota
15%
One of the first encounters of British East India Company (EIC) in India. Anglo Mughal war
7%
No matching quizzes found
Score Distribution
Percent of People with Each Score
Percentile by Number Answered
Your Score History
You have not taken this quiz